000 00764nam a2200229 a 4500
005 20240704063725.0
008 050620s2003 es 000 0 spa d
020 _a8427714432
035 _aUPN01000140226
049 _aCG
050 4 _aLC45.3
_bC6.6
245 0 3 _aLa construción de procesos formativos en educación no formal /
_cJosé Manuel Baráibar López ... [et al.] ; coord. Rosa Domínguez Aranda.
260 _aMadrid :
_bNarcea,
_c2003.
300 _a333 p. :
_bil.
440 0 _aGuías para la formación
650 4 _aEducación no formal
_99143
650 4 _aEDUCACION POPULAR -
_zESPAÑA
_918229
700 1 _aBaráibar López, José Manuel,
_ecoaut.
700 1 _aDomínguez Aranda, Rosa,
_ecoord.
905 _aLibro
999 _c112374
_d112374